| 000 | 00000cam 2200000zi 4500 |
| 001 | 9.957799 |
| 003 | CaOODSP |
| 005 | 20251205114111 |
| 006 | m o d f |
| 007 | cr mn||||||||| |
| 008 | 251128t20252025quc o f000 0 eng d |
| 020 | |a9780660799698 |
| 040 | |aCaOODSP|beng|erda|cCaOODSP |
| 043 | |an-cn--- |
| 086 | 1 |aEn4-516/2025E-PDF |
| 245 | 00|aQuantification methods for the Output-Based Pricing System Regulations. |
| 250 | |aVersion 2.0. |
| 264 | 1|aGatineau Quebec : |bEnvironment and Climate Change Canada = Environnement et changement climatique Canada, |c[2025] |
| 264 | 4|c©2025 |
| 300 | |a1 online resource (59 pages) |
| 336 | |atext|btxt|2rdacontent |
| 337 | |acomputer|bc|2rdamedia |
| 338 | |aonline resource|bcr|2rdacarrier |
| 500 | |aCover title. |
| 500 | |aIssued also in French under title: Méthodes de quantification pour le Règlement sur le système de tarification fondé sur le rendement. |
| 520 | |a"This document prescribes the methods to quantify GHGs, the ratio of heat and the quantity of electricity generated, as required under the Output-Based Pricing System Regulations (OBPS Regulations)"--Purpose, page 7. |
| 650 | 0|aCarbon taxes|xLaw and legislation|zCanada. |
| 650 | 0|aCarbon offsetting|xLaw and legislation|zCanada. |
| 650 | 0|aGreenhouse gas mitigation|xLaw and legislation|zCanada. |
| 710 | 1 |aCanada. |bEnvironment and Climate Change Canada, |eissuing body. |
| 775 | 08|tMéthodes de quantification pour le Règlement sur le système de tarification fondé sur le rendement.|w(CaOODSP)9.957801 |
| 795 | |tQuantification methods for the Output-Based Pricing System Regulations.|b[2023 edition]|w(CaOODSP)9.931362 |
| 856 | 40|qPDF|s611 KB|uhttps://publications.gc.ca/collections/collection_2025/eccc/en4/En4-516-2025-eng.pdf |
| 986 | |aEC25061 |